00581 2200217 4500001002100000005001500021035002000036007000300056008004100059020002200100082001400122084002000136100002200156245006200178250001100240260003200251300002100283600003700304856000800341990001400349INLIS00000000000005120260114074427 a0010-0126000044ta260114 0  a978-623-6175-23-1 a181.198.2 a181.198.2 IMA n0 aIMAM BUDI SANTOSA1 aNASIHAT-NASIHAT HIDUP ORANG JAWA :bHimah dan Falsafahnya akesatu aYOGYAKARTA :bNoktah,c2021 a240 hlm ;c20 cm 4aNASIHAT-NASIHAT HIDUP ORANG JAWA a200 a02/R/B/22